000 00447nab a2200145Ia 4500
003 ES-SlBCS
005 20210601124257.0
008 140529s1953 xxu||||| |||| 00| 0 eng d
041 _aeng
100 1 _aEvery, Louis
_9138977
245 0 4 _aThe Character and Influence of St. Dominic
_c Louis Every
600 0 4 _aDomingo de Guzmán
_d, 1170-1221
_c, Santo
_9126559
773 0 _tDominicana
_gvol. 38, nº. 1, 1953, págs. 19-24
_wRev1398
942 _cAR
999 _c512192
_d512192